| 000 | 00616nas a2200229Ia 4500 | ||
|---|---|---|---|
| 001 | dp 5/12-46548 | ||
| 003 | IT-MiCISF | ||
| 005 | 20250409150448.0 | ||
| 008 | 161014c99999999xx |||||||||||| ||und|| | ||
| 040 |
_aIT-MiCISF _cIT-MiCISF |
||
| 041 | _ait | ||
| 100 |
_aMariani Antonella, Cosentino Angela Maria, Santamaria Gianni _962074 |
||
| 245 | 0 | _aUn amore così... naturale | |
| 250 | _a"Noi genitori e figli", n. 122 | ||
| 260 | _c2008 | ||
| 300 | _app. 8-16 | ||
| 500 | _a metodi-naturali, coppia, esperienze | ||
| 650 |
_aCoppia _956068 |
||
| 654 | _aarticolo | ||
| 942 |
_cCR _2ddc |
||
| 999 |
_c218948 _d218948 |
||
| 999 | _bSi | ||